000 00581cab a2200241 4500
001 X802
008 090401t1993 xxu||||| |||| 00| 0 eng d
035 _a(Sirsi) u67517
041 _aeng
245 _aPrivatisation may devalue forestry
260 _c1993
350 _a0
490 _aCS Monthly : Rural Practice
_v2(90 June 1993, 1(1)
650 _aFOREST ENTERPRISE
650 _aFORESTRY COMMISSION
650 _aFORESTRY
650 _aINVESTMENT
650 _aPRIVATISATION
650 _aRICS
690 _aRURAL PRACTICE
942 _n0
948 _c04/03/1997
999 _c42243
_d42243